| 000 | 00629nam a2200205 a 4500 | ||
|---|---|---|---|
| 005 | 20210223123757.0 | ||
| 008 | 991125n 000 0 spa u | ||
| 035 | _aUPN01000062757 | ||
| 100 | 1 |
_aOrtega Ruiz, Pedro _929817 |
|
| 222 | _aREVISTA ESPAÑOLA DE PEDAGOGIA | ||
| 245 | _aActitudes hacia el estudio : programa pedagógico | ||
| 300 | _a495-516 | ||
| 362 | 0 | _a1992 Año 50, no. 193 sep.-dic. | |
| 653 | 0 | _aMETODOS DE ENSEÑANZA | |
| 653 | 0 | _aPROCESO ENSEÑANZA-APRENDIZAJE | |
| 700 | 1 |
_aMínguez Vallejos, Ramón, _ccoaut. |
|
| 700 | 1 |
_aPérez Ferra, Miguel, _ccoaut. |
|
| 904 |
_aAC _b000568 |
||
| 905 | _aArticulo | ||
| 999 |
_c61861 _d61861 |
||